Reforming Central and Eastern European Economies Initial Results and Challenges
Salvato in:
| Altri autori: | , , |
|---|---|
| Natura: | Libro |
| Lingua: | inglese |
| Pubblicazione: |
Washington
The World Bank
1991
|
| Edizione: | 1. ed. |
| Serie: | <A> World Bank Symposium
|
| Soggetti: | |
| Tags: |
Nessun Tag, puoi essere il primo ad aggiungerne!!
|
MARC
| LEADER | 00000nam a2200000 4500 | ||
|---|---|---|---|
| 001 | c006030 | ||
| 005 | 20221206114914.1 | ||
| 020 | |a 0-8213-1893-4 | ||
| 041 | 0 | |a eng | |
| 044 | |a US | ||
| 245 | 1 | 0 | |a Reforming Central and Eastern European Economies |b Initial Results and Challenges |c Edit. Vittorio Corbo, Fabrizio Coricelli, Jan Bossak |
| 250 | |a 1. ed. | ||
| 264 | 1 | |a Washington |b The World Bank |c 1991 | |
| 300 | |a 303 s. | ||
| 490 | 1 | |a <A> World Bank Symposium | |
| 830 | 0 | |a <A> World Bank Symposium | |
| 610 | 2 | 0 | |a reformy hospodárske |
| 610 | 2 | 0 | |a východná Európa |
| 610 | 2 | 0 | |a stredná Európa |
| 610 | 2 | 0 | |a história |
| 610 | 2 | 0 | |a pôžičky zahraničné |
| 610 | 2 | 0 | |a inflácia |
| 610 | 2 | 0 | |a hospodárstvo socialistické |
| 610 | 2 | 0 | |a trh finančný |
| 610 | 2 | 0 | |a obchod zahraničný |
| 610 | 2 | 0 | |a privatizácia |
| 610 | 2 | 0 | |a Svetová banka |
| 700 | 1 | |a Corbo, Vittorio | |
| 700 | 1 | |a Coricelli, Fabrizio | |
| 700 | 1 | |a Bossak, Jan | |